Bodas de sangre / (Record no. 873)

MARC details
000 -LEADER
fixed length control field 00784cam a2200277 a 4500
001 - CONTROL NUMBER
control field sjds997174
003 - CONTROL NUMBER IDENTIFIER
control field sjds
005 - DATE AND TIME OF LATEST TRANSACTION
control field 20230214121310.0
008 - FIXED-LENGTH DATA ELEMENTS--GENERAL INFORMATION
fixed length control field 890331s1985 sp a b 000 0dspa
010 ## - LIBRARY OF CONGRESS CONTROL NUMBER
LC control number 86181325
020 ## - INTERNATIONAL STANDARD BOOK NUMBER
International Standard Book Number 8437605601
020 ## - INTERNATIONAL STANDARD BOOK NUMBER
International Standard Book Number 9788437605609
040 ## - CATALOGING SOURCE
Original cataloging agency DLC
Transcribing agency DLC
Modifying agency DLC
041 ## - LANGUAGE CODE
Language code of text/sound track or separate title spa
050 00 - LIBRARY OF CONGRESS CALL NUMBER
Classification number PQ6613.A763
Item number B6 1985
082 00 - DEWEY DECIMAL CLASSIFICATION NUMBER
Classification number 862/.62
Edition number 19
100 2# - MAIN ENTRY--PERSONAL NAME
Personal name Garcia Lorca, Federico,
Dates associated with a name 1898-1936.
245 10 - TITLE STATEMENT
Title Bodas de sangre /
Statement of responsibility, etc. Federico Garcia Lorca ; edicion de Allen Josephs y Juan Caballero.
260 ## - PUBLICATION, DISTRIBUTION, ETC. (IMPRINT)
Place of publication, distribution, etc. Madrid :
Name of publisher, distributor, etc. Catedra,
Date of publication, distribution, etc. [1985]
300 ## - PHYSICAL DESCRIPTION
Extent 167 p. :
Other physical details ill. ;
Dimensions 18 cm.
440 #0 - SERIES STATEMENT/ADDED ENTRY--TITLE
Title Letras hispanicas ;
Volume/sequential designation 231
504 ## - BIBLIOGRAPHY, ETC. NOTE
Bibliography, etc Bibliography: p. 83-90.
700 1# - ADDED ENTRY--PERSONAL NAME
Personal name Josephs, Allen.
700 1# - ADDED ENTRY--PERSONAL NAME
Personal name Caballero, Juan,
Dates associated with a name 1921-
942 ## - ADDED ENTRY ELEMENTS (KOHA)
Koha item type Libro/Book
Holdings
Withdrawn status Lost status Damaged status Not for loan Home library Current library Date acquired Total Checkouts Total Renewals Barcode Checked out Date last seen Date checked out Price effective from Koha item type
        San Juan Del Sur -- Mobile San Juan Del Sur -- Biblioteca 14/02/2023 1 1 30029869 19/11/2024 15/10/2024 15/10/2024 14/02/2023 Libro/Book

Powered by Koha